000 01154naa a22003017a 4500
001 BR6200193
003 BR-BrBNA
005 20240918173244.0
007 ta
008 230509b bl.||||| |||| 00| 0 por d
040 _aBR-BrBNA
_bpor
_cBiblioteca Nacional de Agricultura
041 _a(Pt)
072 _aA50; L00
_b5212
_bG514
090 _aA50 BR6200193
100 1 _aPardi, M.C. (ed.)
111 1 _a7. Conferencia da FAO para America Latina
_cRio de Janeiro, GB (Brazil)
_d17 Nov 1962
245 1 _aPesquisa animal [pesquisa pecuaria, zootecnia, Brasil]
260 3 _aRio de Janeiro, GB (Brasil):
_c1962.
500 _aDocumentos basicos da delegacao brasileira a 7. Conferencia da FAO para America Latina Rio de Janeiro, GB (Brasil): 1962. p. 123-132 (BR6200193-AM)A50
650 _aPESQUISA PECUARIA
650 _aPECUARIA
650 _aZOOTECNIA
650 _aMANEJO
650 _aMELHORAMENTO ANIMAL
773 0 _tDocumentos basicos da delegacao brasileira a 7. Conferencia da FAO para America Latina
_wA50 BR6200193
_gRio de Janeiro, GB (Brasil), 1962. p. 123-132
909 _a202404
_bLucia
_c55
_dLucia Elande
942 _cAM
_2AGRIS
999 _c303605
_d303605